000 01097nas a2200313 4500
001 BR2015002972
003 BR-BrBNA
005 20231205125403.0
007 ta
008 230509b bl.|||p| |||| 00| 00por d
040 _aBR-BrBNA
_bpor
_cBiblioteca Nacional de Agricultura
041 _a(Pt)
072 _aP05
100 1 _aOliveira Filho, D.
100 1 _aTeixeira, C.A.
100 1 _aLacerda Filho, A.F.
100 1 _aMartins, J.H.
100 1 _aQueiroz, J.M.
245 1 _aRendimento de motor elétrico como parâmetro de dimensionamento de bitola de alimentador conectado diretamente ao transformador
246 1 _aElectric motor efficiency as parameter for sizing a directly connected into transformer feeder cab
650 _aMOTOR ELETRICO
650 _aENERGIA
650 _aBALANCO DE ENERGIA
650 _aQUALIDADE
773 0 _tEngenharia Agrícola (Brazil)
_xISSN 1809-4430
_g(Sep-Oct 2010), v. 30(5) p. 819-830
_wBR2015002972
856 4 0 _uhttp://www.scielo.br/pdf/eagri/v30n5/v30n5a05.pdf
909 _a202311
_bLúcia
_c55
_dLúcia Elande
942 _2AGRIS
_n0
_cANA
999 _c244111
_d244111